00360nam a2200121 a 45000010005000000030005000050050017000100080041000270400026000681000023000942450103001172600018002201141CDMR20130708111758.0130130s1996||||||||||||||||||||||||||||d aCDMRbcatcCPC GIRONA1 aZgustová, Monika14aEls fruits amargs del jardí de les delíciesbVida i obra de Bohumil HrabalcZgustová, Monika c1996bDestino